Metódy a techniky stanovenia hodnoty finančných derivátov

Riadenie finančných rizík. Pojem finančné deriváty. Klasifikácia finančných derivátov. Hodnota finančného derivátu. Ohodnocovanie úrokových a akciových nepodmienených termínových kontraktov.

Saved in:
Bibliographic Details
Main Author: Fetisovová, Elena
Other Authors: Markovič, Peter, 1974-
Format: Book Chapter
Language:Slovak
Subjects:
Tags: Add Tag
No Tags, Be the first to tag this record!

MARC

LEADER 00000naa$a2200000$$$4500
001 0144569
005 20240502083334.3
041 0 |a slo 
044 |a CZ 
245 1 0 |a Metódy a techniky stanovenia hodnoty finančných derivátov  |c Elena Fetisovová, Peter Markovič 
520 |a Riadenie finančných rizík. Pojem finančné deriváty. Klasifikácia finančných derivátov. Hodnota finančného derivátu. Ohodnocovanie úrokových a akciových nepodmienených termínových kontraktov. 
610 2 0 |a deriváty 
610 2 0 |a hodnota 
610 2 0 |a riadenie rizík 
610 2 0 |a riziko finančné 
100 1 |a Fetisovová, Elena 
700 1 |a Markovič, Peter, 1974-